Click the Modern Talking song title ending - Statistics

General Stats
  • This quiz has been taken 40 times
  • The average score is 22 of 25
Answer Stats
Hint Answer % Correct
Jet Airliner
100%
You are not Alone
100%
Heaven will Know
100%
No face, no name, No number
100%
In 100 Years
100%
Geronimo's Cadillac
95%
Don't Give up
95%
You're the lady Of my heart
95%
Win The race
95%
Keep love Alive
90%
Lucky Guy
90%
You can win If you want
90%
Cheri, cheri Lady
90%
Brother Louie
90%
Do you Wanna
90%
Hey You
90%
Sexy, sexy Lover
85%
Doctor for My heart
85%
Atlantis is calling (S.O.S. for love)
85%
You're my heart, You're my soul
85%
Lonely tears In Chinatown
75%
Lady Lai
75%
Diamonds never Made a lady
75%
With a Little love
70%
Just we two (Mona Lisa)
70%
No matching quizzes found
Score Distribution
Percent of People with Each Score
Percentile by Number Answered
Your Score History
You have not taken this quiz